Normale Ansicht
MARC-Ansicht
Eintrag Personenname
001 - Kontrollnummer
- Kontrollfeld: 65693
003 - Kontrollnummer Identifier
- Kontrollfeld:
005 - Datum und Zeit der letzten Transaktion
- Kontrollfeld: 20250210105244.0
008 - Datenelemente mit fester Länge
- Kontrollfeld mit fester Länge: 250210|| aca||aabn | a|a d
040 ## - Katalogisierungsquelle
- Original-Katalogisierungsstelle:
- Übertragungsstelle:
100 ## - Ansetzung - Personenname
- Personenname: de Zeeuw, Hans
670 ## - Datenquelle
- Quellenangabe: Work cat.: ()72124: de Zeeuw, Hans., The Ottoman Tanbûr :